Oxford dictionary of modern quotations (Record no. 6433)

MARC details
000 -LEADER
fixed length control field 00375nam a2200145Ia 4500
020 ## - INTERNATIONAL STANDARD BOOK NUMBER
ISBN 9780199547463
082 ## - DEWEY DECIMAL CLASSIFICATION NUMBER
Classification number RR423.31 OXF-
245 #0 - TITLE STATEMENT
Title Oxford dictionary of modern quotations
250 ## - EDITION STATEMENT
Edition statement 3rd
260 ## - PUBLICATION, DISTRIBUTION, ETC. (IMPRINT)
Place of publication New Delhi
Name of publisher Oxford University Press
Year of publication 2008
300 ## - PHYSICAL DESCRIPTION
Number of Pages xiii, 479
650 ## - SUBJECT ADDED ENTRY--TOPICAL TERM
Topical Term Quotatious, English
Form subdivision Dictionaries
700 ## - ADDED ENTRY--PERSONAL NAME
Personal name Knowles, Elizabeth
942 ## - ADDED ENTRY ELEMENTS (KOHA)
Koha item type Books
Holdings
Withdrawn status Lost status Damaged status Not for loan Home library Current library Date acquired Source of acquisition Bill Date Full call number Accession Number Price effective from Koha item type
        NASSDOC Library NASSDOC Library 18/02/2009 SSS 2009-01-01 RR423.31 OXF- 45081 18/04/2019 Books